Responses for Show #7019 - Thursday, March 5, 2015

Contestants

[<< previous game]

Rebecca Press Schwartz, a high school administrator from New York, New York

Austin Roberts, a program analyst originally from Spring, Texas

Laura Lorson, a newscaster and editor from Perry, Kansas (whose 1-day cash winnings total $11,400)

[next game >>]

Jeopardy! Round responses

THE BLACK LIST
OPERA COUNTRY SETTINGS
(Alex: Name the current country in which the opera is set.)
THROWING SHADE
UNITS
1920s SLANG
DISNEY MOVIES
    $200 26
a rhinoceros

Austin
    $200 12
Mexico

Austin
    $200 11
an oak tree

Laura
    $200 16
a decade

Laura
    $200 3
racehorses

Triple Stumper
    $200 1
The Lion King

Laura
    $400 27
anthracite

Laura
    $400 13
Egypt

Austin
    $1,000 15
the coast redwood

Rebecca
    $400 17
a kilogram

Rebecca
    $400 4
a coffin

Laura
    $400 2
Planes

Austin
    $600 28
the Black Belt

Rebecca
    $600 14
France

Rebecca
    $600 21
Dutch elm disease

Laura
    $600 18
a plate

Austin
    $600 6
prison

Austin
    $600 5
The Parent Trap

Austin
    $800 29
(Rebecca: What is a black adder?)

the black mamba

AustinRebecca
    $800 24
Germany

Austin
    $800 22
the magnolia

Rebecca
    $800 19
a ward

Austin
    $800 7
the bee's knees

Austin
    $800 9
Pocahontas

Austin
    $1000 30
the flight data recorder

Laura
    $1000 25
China

Austin
    $1000 23
(Rebecca: What is fir?)

a pine

AustinRebecca
    $1000 20
cubic inches

Rebecca
    $1000 8
drugstore cowboy

Triple Stumper
    $1000 10
Kurt Russell

Laura

Scores at the first commercial break (after clue 15):

Laura Austin Rebecca
$1,800 $3,800 $1,600

Scores at the end of the Jeopardy! Round:

Laura Austin Rebecca
$4,000 $9,000 $2,600

Double Jeopardy! Round responses

THE BLACK LIST
LORD BYRON
STRONG AS AN "UX"
NATIONAL HISTORIC SITES
MONSTER MANUAL
THE CELEBRITY SPOUSE IN COMMON
    $400 14
the House Un-American Activities Committee

Laura
    $400 12
Frankenstein

Austin
    $400 9
luxury

Austin
    $400 1
Canton

Laura
    $400 30
a dragon

Austin
    $400 2
Nicole Kidman

Rebecca
    $800 15
Spartacus

Rebecca
    $800 13
Don Juan

Rebecca
    $800 10
a tux

Laura
    $800 3
Andrew Johnson

Laura
    $800 29
a goblin

Rebecca
    $800 7
Nicolas Cage

Laura
    $1200 16
Hollywood Reporter

Triple Stumper
    $1200 19
beauty

Laura
    $1200 11
Teddy Ruxpin

Laura
    $1200 4
(Alex: Tuskegee Airmen, yes.)

Tuskegee

Laura
    $1200 24
seals

Rebecca
    $1200 8
Ryan Reynolds

Austin
    $1600 20
Elia Kazan

Laura
    $1600 22
Greece

Austin
    $1600 17
Luxembourg

Austin
    $1600 5
the Virgin Islands

Triple Stumper
    $1600 25
a harpy

Austin
    $1600 28
Billy Bob Thornton

Laura
    $2000 21
Bertolt Brecht

Austin
    $2000 23
(Alex: The poet was [*], think about it, replace the W with the T.)

William Wordsworth

Triple Stumper
    $4,000 18
(Austin: [No response])

juxtaposition

Austin
    $2000 6
Fort Laramie

Laura
    $3,000 26
(Austin: What is a Chimera?)

the griffin

Austin
    $2000 27
Shirley Jones

Laura

Scores at the end of the Double Jeopardy! Round:

Laura Austin Rebecca
$18,000 $11,200 $6,600

[wagering suggestions for these scores]

Final Jeopardy! Round responses

PRESIDENTIAL MEDAL OF FREEDOM WINNERS
(Alex: [To Rebecca] You wrote down the correct information, but unfortunately we can't give it to you because you did not come up with the person's name. You are right, the founder of the Girl Scouts.)
RebeccaWho is the founder of the Girl Scouts ??
$3,400
AustinWho is Johnson?
$11,000
LauraWho is Juliette Low?
$4,000
Juliette Gordon Low

Final scores:

Laura Austin Rebecca
$22,000 $200 $3,200
2-day champion: $33,400 3rd place: $1,000 2nd place: $2,000

Game dynamics:

Coryat scores:

Laura Austin Rebecca
$18,000 $18,200 $6,000
20 R,
0 W
22 R,
2 W
(including 2 DDs)
11 R
(including 1 DD),
2 W

Combined Coryat: $42,200

[game clues] [game scores] [suggest correction]

Game tape date: Unknown
The J! Archive is created by fans, for fans. Scraping, republication, monetization, and malicious use prohibited; this site may use cookies and collect identifying information. See terms. The Jeopardy! game show and all elements thereof, including but not limited to copyright and trademark thereto, are the property of Jeopardy Productions, Inc. and are protected under law. This website is not affiliated with, sponsored by, or operated by Jeopardy Productions, Inc. Join the discussion at JBoard.tv.